Datum a čas kvízu

35 Celkem bodů Celkový počet nahraných bodů na tomto kvízu bez doplňovacích otázek.
1. Pořadí na kvízu Konečné umístění týmu na tomto kvízu.

Zaznamenané odpovědi

# Otázka Odpověď Body Výsledky
1. Minulý týden se podruhé oženil... Jan Hamáček 1
2. Minulý týden byly zveřejněny v... Německo 1
3. Již příští měsíc by se na pult... Mafia 1
4. Jedna z japonských automobilek... Mitsubishi 0
5. V pondělí přiletěl z Jižní Ame... Emerson Fittipaldi 1
6. V tomto tématu se blíže podívá... A 1
7. Tato mapa vyznačuje jistý kult... Laponsko 1
8. Jak se nazývá ostrov ležící 30... Utøya 1
9. Tento Švéd se v poslední době... Epidemiolog. 1
10. Jak se nazývá fotbalový tým, j... Borussia Dortmund 1